000 01053cam a22003137a 4500
005 20220329141242.0
008 971010s1990 r 00010 d
010 _a65188
011 _a66160
035 _a74156
090 _aTesis
100 0 0 _aDurán Maraver, Martín.
_934687
245 0 _aEstudio agroclimático del estado de Tlaxcala
260 _aChapingo, Méx. :
_bEl autor,
_c1990
300 _a137 h.
_b: ilus. ; cuadros
500 _a1992/75
502 _aTesis (Ing. Agr. Esp. en Irrigación) -- UACH. Departamento de Irrigación
590 _aALEPH
_b10
_c20130110
_lUCH01
_h1354
590 _aBATCH-UPD
_b10
_c20130110
_lUCH01
_h0152
590 _aBATCH-UPD
_b10
_c20130110
_lUCH01
_h1036
590 _aBATCH-UPD
_b10
_c20130410
_lUCH01
_h0637
590 _aBATCH-UPD
_b10
_c20130914
_lUCH01
_h2131
590 _aCONVERSION
_b10
_c20130109
_lUCH01
_h1336
650 1 4 _aAgricultura
_zTlaxcala.
_91939
650 1 4 _aClima
_zTlaxcala.
_923858
650 1 4 _aCultivos y clima.
_930392
901 _aBK
949 _bI
_cTES
_d-7008
_eTS1
_h232
_i74156
_si
999 _c65188
_d65188